Công cụ và cơ giới hóa nông nghiệp Tài liệu kĩ thuật đồng bằng sông Cửu Long
Αποθηκεύτηκε σε:
| Κύριος συγγραφέας: | |
|---|---|
| Μορφή: | Βιβλίο |
| Γλώσσα: | Undetermined |
| Έκδοση: |
Hà Nội
Giáo dục
1984
|
| Θέματα: | |
| Ετικέτες: |
Προσθήκη ετικέτας
Δεν υπάρχουν, Καταχωρήστε ετικέτα πρώτοι!
|
| Thư viện lưu trữ: | Trung tâm Học liệu Trường Đại học Cần Thơ |
|---|
| LEADER | 00614nam a2200181Ia 4500 | ||
|---|---|---|---|
| 001 | CTU_12305 | ||
| 008 | 210402s9999 xx 000 0 und d | ||
| 082 | |a 631.3 | ||
| 082 | |b V312 | ||
| 100 | |a Huỳnh Hữu Vinh | ||
| 245 | 0 | |a Công cụ và cơ giới hóa nông nghiệp | |
| 245 | 0 | |b Tài liệu kĩ thuật đồng bằng sông Cửu Long | |
| 245 | 0 | |c Huỳnh Hữu Vinh, Võ Tòng Xuân | |
| 260 | |a Hà Nội | ||
| 260 | |b Giáo dục | ||
| 260 | |c 1984 | ||
| 650 | |a farm mechanization,agricultural machinery | ||
| 980 | |a Trung tâm Học liệu Trường Đại học Cần Thơ | ||